00721nam a22001937a 4500003001100000008004100011040003900052041000800091082001600099111008300115245002500198260005100223300005100274650004400325650004500369942000700414952009100421999001500512LK-CoMWRAF240611b |||||||| |||| 00| 0 eng d aLK-CoMWRAFdLK-CoMWRAFeLK-CoMWRAF aeng a305.42bWOM aTENTH NATIONAL CONVENTION ON WOMEN'S STUDIES c( Colombo, d2-6 th April 2006) aSESSION IV:bPoverty aColombo: bCentre for Women's Research,c 2006 avarious paging; tables bBibliography included a WOMEN'S STUDIES- Sri Lanka- Congresses aPoverty alleviation programmes-Sri Lanka cCP 00104070aMAINbMAINd2024-06-11l0o305.42 WOMpRAF5282r2024-06-11w2024-06-11yCP c4909d4909